| 000 | 00583nam a2200205Ia 4500 | ||
|---|---|---|---|
| 003 | OSt | ||
| 005 | 20230504142256.0 | ||
| 008 | 210423s1970 xx 000 0 und d | ||
| 020 | _a- | ||
| 040 | _cAL | ||
| 041 | _aeng | ||
| 082 |
_a574.192 _223 _bLEHA |
||
| 100 |
_aLEHNINGER (Albert L). _997685 |
||
| 245 | _aBiochemistry: the molecular basis of cell structure and function. | ||
| 260 |
_aNew York _bWorth Publishers _c1970 |
||
| 300 |
_axiii,833 _bPB |
||
| 365 |
_b1295 _cINR |
||
| 906 | _abasis ; Biochemistry: ; cell ; function. ; molecular ; structure | ||
| 942 |
_2ddc _cBK |
||
| 999 |
_c163586 _d163586 |
||